000 00599nam a2200181Ia 4500
008 100921s9999 xx 000 0 und d
082 _b28578
_a891.467 थ 93
100 _aप्रभावळकर दिलिप.
245 _aहसगत.
260 _bविश्वमोहिनी प्रकाशन,पुणे.
_c1993
300 _a221
_b---
365 _b120
520 _aललित-विनोदी साहित्य.
630 _aहसगत.
650 _aललित-विनोदी साहित्य.
730 _aहसगत.
942 _cBOOK
999 _c777691
_d777688